Sekrety isčislenija naloga na dobavlennuju stoimost'.
Daň z pridanej hodnoty (DPH) ako nepriama daň je rozšírená vo väčšine európskych krajín. V RF sa využívajú od 1.1.1992. Zákony a nariadenia týkajúce sa DPH. Vysvetlenie ekonomického obsahu DPH. Určenie platcov DPH. Problematika určenia sadzby DPH a vyčíslenia DPH, určenia objektu zdanenia a zdanenéh...
Salvato in:
| Autore principale: | |
|---|---|
| Natura: | Capitolo di libro |
| Lingua: | russo |
| Soggetti: | |
| Tags: |
Nessun Tag, puoi essere il primo ad aggiungerne!!
|
MARC
| LEADER | 00000naa a2200000 4500 | ||
|---|---|---|---|
| 001 | r010304 | ||
| 005 | 20221130113239.8 | ||
| 041 | 0 | |a rus | |
| 044 | |a [SU] | ||
| 245 | 1 | 0 | |a Sekrety isčislenija naloga na dobavlennuju stoimost'. |c L. Gončarenko |
| 520 | |a Daň z pridanej hodnoty (DPH) ako nepriama daň je rozšírená vo väčšine európskych krajín. V RF sa využívajú od 1.1.1992. Zákony a nariadenia týkajúce sa DPH. Vysvetlenie ekonomického obsahu DPH. Určenie platcov DPH. Problematika určenia sadzby DPH a vyčíslenia DPH, určenia objektu zdanenia a zdaneného obratu (tovarov, prác a služieb). | ||
| 610 | 2 | 0 | |a dane z hodnoty pridanej |
| 610 | 2 | 0 | |a dane nepriame |
| 610 | 2 | 0 | |a Rusko |
| 610 | 2 | 0 | |a 1992 |
| 610 | 2 | 0 | |a zákony |
| 610 | 2 | 0 | |a sadzby daňové |
| 100 | 1 | |a Gončarenko, L. | |